Logos I: Athletic Brands - Statistics

General Stats
  • This quiz has been taken 53 times
  • The average score is 12 of 16
Answer Stats
Picture Answer % Correct
Adidas
100%
Nike
100%
New Balance
98%
Air Jordan
96%
Champion
94%
Converse
94%
Under Armour
94%
Fila
92%
ASICS
79%
Reebok
75%
Lululemon
60%
Oakley
58%
Hurley
38%
Volcom
31%
Columbia
27%
Athleta
19%
No matching quizzes found
Score Distribution
Percent of People with Each Score
Percentile by Number Answered
Your Score History
You have not taken this quiz